000
00314nam a22001457a 4500
008
210527b ||||| |||| 00| 0 eng d
020
_a
9780393912999
041
_a
eng
080
_2
3rd
_a
371
082
_a
371
100
_a
46
101
_a
EDU
245
_a
You May Ask Yourself
_c
Conley,D
942
_2
udc
_c
BK
999
_c
57757
_d
57757